000 00834cam a2200241 a 4500
001 000005253
005 20200929151625.0
008 920716s1991 sp a b 001 0 spa
020 _a8437610168
040 _aDO-SdBNP
_cDLC
082 _a862.3
_bC591e
100 1 _aClaramonte y Corroy, Andrés de,
_dd. 1626.
_914987
245 1 3 _aLa Estrella de Sevilla /
_cAndrés de Claramonte ; edición, Alfredo Rodríguez López-Vázquez.
260 _aMadrid :
_bCátedra,
_c1991.
300 _a289 p. :
_bil. ;
_c19 cm.
440 0 _aLetras hispánicas ;
_v337
_94208
504 _aIncluye referencias bibliográficas (p. 123-133).
650 4 _aTeatro español
_93071
650 4 _aLiteratura española
_9632
700 1 _aRodríguez López Vázquez, Alfredo,
_d1932-
_eed.
_914988
910 _aCatalogación por copia / LC
910 _aWM
999 _c5054
_d5054